Scattered all over the earth / Yoko Tawada ; ... Read More
Available copies
- 1 of 1 copy available at LARL/NWRL Consortium.
Current holds
0 current holds with 1 total copy.
Show Only Available Copies
| Location | Call Number / Copy Notes | Barcode | Shelving Location | Status | Due Date |
|---|---|---|---|---|---|
| Moorhead Public Library | TAW (Text) | 33500013559554 | Main | Available | - |
Record details
- ISBN: 9780811229289
- ISBN: 0811229289
- Physical Description: 219 pages ; 21 cm.
- Edition: First edition.
- Publisher: New York : New Directions Publishing Corporation, 2022.
Content descriptions
| General Note: | "A New Directions paperbook original." |
| Summary, etc.: | "Welcome to the not-too-distant future: Japan, ... Read More |
Search for related items by subject
| Subject: | Refugees > Fiction. Language and languages > Fiction. Climatic changes > Fiction. |
| Genre: | Science fiction. |
| LDR | 02491cam a2200409Ii 4500 | ||
|---|---|---|---|
| 001 | 384147 | ||
| 003 | LARL_NWRL_CONSORTIUM | ||
| 005 | 20220310215007.0 | ||
| 008 | 220218s2022 nyu 000 1 eng | ||
| 010 | . | ‡a 2021044581 | |
| 040 | . | ‡aDLC ‡beng ‡erda ‡cFMG ‡dFMG ‡dOJ4 | |
| 020 | . | ‡a9780811229289 ‡q(paperback) | |
| 020 | . | ‡a0811229289 ‡q(paperback) | |
| 035 | . | ‡a(OCoLC)1298287613 | |
| 041 | 1 | . | ‡aeng ‡hjpn |
| 082 | 0 | 0. | ‡a895.6/35 ‡223/eng/20211020 |
| 100 | 1 | . | ‡aTawada, Yōko, ‡d1960- ‡eauthor. ‡0(LARL_NWRL_CONSORTIUM)225411 |
| 240 | 1 | 0. | ‡aChikyuu ni chiribamerarete. ‡lEnglish |
| 245 | 1 | 0. | ‡aScattered all over the earth / ‡cYoko Tawada ; translated from the Japanese by Margaret Mitsutani. |
| 250 | . | ‡aFirst edition. | |
| 264 | 1. | ‡aNew York : ‡bNew Directions Publishing Corporation, ‡c2022. | |
| 300 | . | ‡a219 pages ; ‡c21 cm. | |
| 336 | . | ‡atext ‡btxt ‡2rdacontent | |
| 337 | . | ‡aunmediated ‡bn ‡2rdamedia | |
| 338 | . | ‡avolume ‡bnc ‡2rdacarrier | |
| 500 | . | ‡a"A New Directions paperbook original." | |
| 520 | . | ‡a"Welcome to the not-too-distant future: Japan, having vanished from the face of the earth, is now remembered as "the land of sushi." Hiruko, its former citizen and a climate refugee herself, has a job teaching immigrant children in Denmark with her invented language Panska (Pan-Scandinavian): "homemade language. no country to stay in. three countries I experienced. insufficient space in brain. so made new language. homemade language." As she searches for anyone who can still speak her mother tongue, Hiruko soon makes new friends. Her troupe travels to France, encountering an umami cooking competition; a dead whale; an ultra-nationalist named Breivik; unrequited love; Kakuzo robots; red herrings; uranium; an Andalusian matador. Episodic and mesmerizing scenes flash vividly along, and soon they're all next off to Stockholm. With its intrepid band of companions, Scattered All Over the Earth (the first novel of a trilogy) may bring to mind Alice's Adventures in Wonderland or a surreal Wind in the Willows, but really is just another sui generis Yoko Tawada masterwork"-- ‡cProvided by publisher. | |
| 650 | 0. | ‡aRefugees ‡vFiction. ‡0(LARL_NWRL_CONSORTIUM)167083 | |
| 650 | 0. | ‡aLanguage and languages ‡vFiction. | |
| 650 | 0. | ‡aClimatic changes ‡vFiction. ‡0(LARL_NWRL_CONSORTIUM)171496 | |
| 655 | 7. | ‡aScience fiction. ‡2lcgft | |
| 700 | 1 | . | ‡aMitsutani, Margaret, ‡etranslator. |
| 901 | . | ‡a384147 ‡bOCoLC ‡c384147 ‡tbiblio ‡soclc | |

Add to basket
Permalink
Disable Highlighting